| 000 | 01009cad a22002655a 4500 | ||
|---|---|---|---|
| 001 | E152261 | ||
| 008 | 110215s2010 xxk f 100 0 eng d | ||
| 020 | _a9781842196199 | ||
| 035 | _a(Sirsi) u152261 | ||
| 041 | 0 | _aeng | |
| 100 | 1 | _aBernet, Juerg R. | |
| 111 | 2 |
_aConstruction and Building Research Conference _cDauphine Universite, Paris _d2-3 September 2010 |
|
| 245 | 0 | 0 |
_aWinning in the long run? _bdriving sustainable financial performance on real estate _h[electronic resource] |
| 260 |
_aLondon _bRICS _c2010 |
||
| 520 | _aA paper presented at the COBRA Conference in Paris on 2-3 September 2010. | ||
| 590 | _aKA | ||
| 650 | 2 | 4 | _aCONSTRUCTION AND BUILDING RESEARCH CONFERENCE (COBRA) |
| 651 | 4 | _aEurope | |
| 690 | _aMANAGEMENT-BUSINESS MANAGEMENT | ||
| 700 | 1 | _aSayce, Sarah | |
| 700 | 1 | _aVermeulen, Maarten | |
| 700 | 1 | _aLedl, Rupert C. | |
| 856 | 4 | 0 |
_uhttps://archive.rics.org/site/scripts/download_info.aspx?fileID=8111&categoryID=720 _zBroken link - not available |
| 942 |
_n0 _2ddc |
||
| 999 |
_c111959 _d111959 |
||